| 000 | 00696pam a2200229 a 4500 | ||
|---|---|---|---|
| 001 | 1981121 | ||
| 005 | 20180118085018.0 | ||
| 008 | 891023s1990 nyuab b f001 0 eng | ||
| 010 | _a 89026039 | ||
| 020 | _a0313249024 (lib. bdg. : alk. paper) | ||
| 040 |
_aDLC _cDLC _dDLC |
||
| 041 | _aeng | ||
| 080 | _a338.78 ALL | ||
| 082 | 0 | 0 |
_a338.78 ALL _220 |
| 100 | _a54 | ||
| 101 | _aMEN | ||
| 245 | 0 | 0 |
_aInternational handbook of national parks and nature reserves / _cedited by Craig W. Allin. |
| 504 | _aIncludes bibliographical references and index. | ||
| 906 |
_a7 _bcbc _corignew _d1 _eocip _f19 _gy-gencatlg |
||
| 942 |
_2ddc _cBK |
||
| 999 |
_c40500 _d40500 |
||